000 01829nam a2200325 i 4500
003 DO-SdBNP
005 20241030103828.0
007 ta
008 210415e2020 dr abc|fr|||| 001 0dspa d
020 _a9789945926217
040 _aDO-SdBNP
_bspa
_cBNPHU
_erda
041 _hspa
082 _a572.39
_bM863c
_222
100 1 _aMorla Báez , Elbi
_926834
245 1 0 _aCrecimiento y desarrollo :
_bdesde la concepción hasta la adolescencia /
_cElbi Morla Báez ; prólogo Haideé Rondón
264 _aSanto Domingo :
_bInstituto Tecnológico de Santo Domingo (INTEC),
_c2020.
300 _avii , 133 páginas ,
_bilustraciones y fotos ;
_c23 cm.
336 _2rdacontent
_atexto
_btxt
337 _2rdamedia
_asin mediación
_bn
338 _2rdacarrier
_avolumen
_bnc
505 1 _aCapítulo 1 :
_uGeneralidades sobre crecimiento y desarrollo.-
_gCapítulo 2 --
_tFactores que influyen en el crecimiento y desarrollo--
_gCapítulo 3 --
_tLa nutrición en el crecimiento y desarrollo--
_gCapítulo 4--
_tPeríodos de crecimiento--
_tCapítulo 5--
_tEvaluación del crecimiento y desarrollo fetal
_gCapítulo 6--
_tVariables antropométrica de más utilidad en pediatría--
_gCapítulo 7--
_uVariables antropométrica de más utilidad en pediatría--
_gCapítulo 8--
_tCurvas de crecimiento--
_gCapítulo 9--
_tDesarrollo psicomotor--
_gCapítulo 10--
_tLa maduración esquelética o edad ósea--
_tDesarrollo dental.-
_gCapítulo 11--
_tDesarrollo sexual--
_gCapítulo 12--
_tLa adolescencia--
_gCapítulo 13--
_tActividad de una clínica del crecimiento y desarrollo.
590 _aInventariado, 2023 / DG
650 4 _aCrecimiento
_978391
650 0 _aPediatría
_919620
650 4 _aNiños
_xNutrición
_978392
650 4 _aSeguridad alimentaria
_978393
700 1 _aRondón, Haideé,
_e prólogo
_978394
910 _aDG
942 _2ddc
_cLBS1
999 _c49736
_d49736